000
00285nam a2200109Ia 4500
008
230907s9999||||xx |||||||||||||| ||und||
082
_a
621.38152
_b
GAT
245
0
_a
Gate dielectric integrity :
260
_a
ASTM,
_b
West Conshocken, Pa. :
_c
2000
300
_a
xi, 169 p. :
942
_c
BK
999
_c
599900
_d
599900